| 000 | 00680nam a2200193 i 4500 | ||
|---|---|---|---|
| 001 | 149566 | ||
| 003 | ES-MaACL | ||
| 005 | 20250414181443.0 | ||
| 007 | t| | ||
| 008 | 071023s1971 sp |||| | spa d | ||
| 080 | _a821.134.2(85) Vargas Llosa, Mario 1.07 | ||
| 245 | 0 | 0 |
_aAgresión a la realidad _b: Mario Vargas Llosa / _c[María Rosa Alonso,... et al.]. |
| 260 |
_aLas Palmas : _bInventarios Provisionales, _c1971. |
||
| 300 |
_a239 p. : _bil. ; _c21 cm. |
||
| 600 | 1 | 7 |
_aVargas Llosa, Mario, _d1936-2025- _xCrítica e interpretación _2 _9143272 |
| 700 | 1 |
_aAlonso, María Rosa, _d1909-2011 _920233 |
|
| 852 |
_aES-MaACL _jC-43157 |
||
| 999 |
_c149566 _d149566 |
||